Statistics for Taylor Swift Lyrics #1

Click here to take the quiz!

General Stats

  • This quiz has been taken 11 times
  • The average score is 9 of 15

Answer Stats

LyricAnswer% Correct
I want you for _____ or for betterworse
100%
I take this ______ force of a man to be my Lovermagnetic
91%
I want auroras and sad ______prose
82%
You and I walk a ______ linefragile
73%
You can hear it in the ______ (YAIL)silence
73%
Does a ______ sting when fighting backscorpion
64%
Freedom felt like ______ then on the coastsummer
64%
Your touch brought forth an ______ glowincandescent
55%
Cory's eyes are like a ______ his smile's like the radiojungle
55%
And I wake with your ______ over mememory
55%
And you move to me like I'm a _____ beatmotown
55%
Rain soaking, blind hoping you said I was _____freeloading
45%
I need you like a ______ (TMW)heartbeat
45%
Give me a ______ to hang on my wall superstarphotograph
36%
Pale blue sky _____ in your eyesreflected
27%

Score Distribution

Percentile by Number Answered

Percent of People with Each Score

Your Score History

You have not taken this quiz